Colleges, libraries and access to learning (Record no. 37709)

MARC details
000 -LEADER
fixed length control field 00588nam a2200157 a 4500
008 - FIXED-LENGTH DATA ELEMENTS--GENERAL INFORMATION
fixed length control field 120416s1994 ||||||||||||||||| || u
020 ## - INTERNATIONAL STANDARD BOOK NUMBER
International Standard Book Number 1856040720
050 ## - LIBRARY OF CONGRESS CALL NUMBER
Classification number Z 675.U5 Col
100 ## - MAIN ENTRY--PERSONAL NAME
Personal name Adams, Marie
245 10 - TITLE STATEMENT
Title Colleges, libraries and access to learning
Statement of responsibility, etc. edited by Marie Adams
260 ## - PUBLICATION, DISTRIBUTION, ETC.
Place of publication, distribution, etc. London :
Name of publisher, distributor, etc. Library Association Publishing
Date of publication, distribution, etc. 1994
300 ## - PHYSICAL DESCRIPTION
Extent xiv, 151p. : ill
350 ## - PRICE (NR) (BK AM CF MU VM SE) [OBSOLETE]
Price 0.00
700 ## - ADDED ENTRY--PERSONAL NAME
Personal name McElroy, Rennie
995 ## - RECOMMENDATION 995 [LOCAL, UNIMARC FRANCE]
-- 0.00
-- CBU-MAIN LIBRARY (Kitwe)
-- 1
-- 312.00
-- 1
-- AVAILABLE
-- Annex Low-Usage Collection
Holdings
Withdrawn status Lost status Source of classification or shelving scheme Damaged status Not for loan Home library Current library Shelving location Date acquired Total Checkouts Full call number Barcode Date last seen Price effective from Koha item type
          CBU-MAIN LIBRARY, KITWE. CBU-MAIN LIBRARY, KITWE.   11/30/2022   Z 675.U5 Col 021784 11/30/2022 11/30/2022 MONOGRAPH